|
|
|
|
| LEADER |
00000cam a2200000 c 4500 |
| 001 |
271845902 |
| 003 |
DE-627 |
| 005 |
20260206192330.0 |
| 007 |
tu |
| 008 |
911022s1991 gw ||||| m 00| ||ger c |
| 015 |
|
|
|a 91,N38,0247
|2 dnb
|
| 015 |
|
|
|a 91,N38,0247
|2 dnb
|
| 016 |
7 |
|
|a 910920540
|2 DE-101
|
| 020 |
|
|
|a 363144219X
|9 3-631-44219-X
|
| 035 |
|
|
|a (DE-627)271845902
|
| 035 |
|
|
|a (DE-603)017698863
|
| 035 |
|
|
|a (DE-576)026034905
|
| 035 |
|
|
|a (DE-599)GBV271845902
|
| 035 |
|
|
|a (OCoLC)246674417
|
| 035 |
|
|
|a (OCoLC)28115434
|
| 035 |
|
|
|a (OCoLC)317995195
|
| 035 |
|
|
|a (OCoLC)611882818
|
| 040 |
|
|
|a DE-627
|b ger
|c DE-627
|e rakwb
|
| 041 |
|
|
|a ger
|
| 044 |
|
|
|c XA-DE
|c XA-CH
|c XD-US
|
| 050 |
|
0 |
|a KK6256.7
|
| 082 |
0 |
|
|a 344.305242
|
| 082 |
0 |
|
|a 345.43/0242
|
| 082 |
0 |
|
|a 345.430242
|a 344.305242
|q LoC
|2 DDC20oclc
|
| 084 |
|
|
|a 19
|a 44
|2 sdnb
|
| 084 |
|
|
|a PH 3760
|2 rvk
|0 (DE-625)rvk/136078:
|
| 084 |
|
|
|a PH 3750
|2 rvk
|0 (DE-625)rvk/136077:
|
| 100 |
1 |
|
|a Winkemann, Thomas
|4 aut
|
| 245 |
1 |
0 |
|a Probleme der Fahrlässigkeit im Umweltstrafrecht
|b erläutert anhand des § 324 III StGB
|c Thomas Winkemann
|
| 264 |
|
1 |
|a Frankfurt am Main [u.a.]
|b Lang
|c 1991
|
| 300 |
|
|
|a 193 S.
|
| 336 |
|
|
|a Text
|b txt
|2 rdacontent
|
| 337 |
|
|
|a ohne Hilfsmittel zu benutzen
|b n
|2 rdamedia
|
| 338 |
|
|
|a Band
|b nc
|2 rdacarrier
|
| 490 |
1 |
|
|a Europäische Hochschulschriften
|a Reihe 2, Rechtswissenschaft = Droit = Law
|v 1148
|
| 500 |
|
|
|a Includes bibliographical references (p. 177-193)
|
| 502 |
|
|
|a Zugl.: Heidelberg, Univ., Diss., 1991
|
| 583 |
1 |
|
|a Archivierung/Langzeitarchivierung gewährleistet
|f DISS
|x XA-DE-BW
|2 pdager
|5 DE-16
|
| 583 |
1 |
|
|a Archivierung prüfen
|c 20240324
|f DE-4165
|z 2
|2 pdager
|
| 650 |
0 |
7 |
|0 (DE-588)4121812-7
|0 (DE-627)105766887
|0 (DE-576)209546379
|a Umweltstrafrecht
|2 gnd
|
| 650 |
0 |
7 |
|0 (DE-588)4140296-0
|0 (DE-627)105628905
|0 (DE-576)209701595
|a Fahrlässigkeit
|2 gnd
|
| 650 |
|
4 |
|a Stellung, Aa, Cc, Haftfestigkeit, Ee, Behandlung, Risikoabschätzung, Abgrenzung
|
| 653 |
|
0 |
|a Offenses against the environment
|a Germany
|
| 653 |
|
0 |
|a Negligence, Criminal
|a Germany
|
| 653 |
|
0 |
|a Water
|a Pollution
|a Law and legislation
|a Germany
|a Criminal provisions
|
| 655 |
|
7 |
|a Hochschulschrift
|0 (DE-588)4113937-9
|0 (DE-627)105825778
|0 (DE-576)209480580
|2 gnd-content
|
| 689 |
0 |
0 |
|d s
|0 (DE-588)4121812-7
|0 (DE-627)105766887
|0 (DE-576)209546379
|a Umweltstrafrecht
|2 gnd
|
| 689 |
0 |
1 |
|d s
|0 (DE-588)4140296-0
|0 (DE-627)105628905
|0 (DE-576)209701595
|a Fahrlässigkeit
|2 gnd
|
| 689 |
0 |
|
|5 DE-101
|
| 751 |
|
|
|a Heidelberg
|0 (DE-588)4023996-2
|0 (DE-627)106300814
|0 (DE-576)208952578
|4 uvp
|
| 830 |
|
0 |
|a Europäische Hochschulschriften
|n Reihe 2
|p Rechtswissenschaft
|v 1148
|9 1148
|w (DE-627)130134236
|w (DE-576)015671542
|w (DE-600)510544-4
|x 0531-7312
|7 am
|
| 856 |
4 |
2 |
|u http://scans.hebis.de/HEBCGI/show.pl?01769886_toc.pdf
|m V:DE-603;B:DE-17
|q application/pdf
|3 Inhaltsverzeichnis
|7 1
|
| 889 |
|
|
|w (DE-627)022802088
|
| 935 |
|
|
|i mdedup
|
| 935 |
|
|
|i Blocktest
|
| 936 |
r |
v |
|a PH 3760
|b Gewässer-, Boden- und Luftverunreinigung
|k Rechtswissenschaft
|k Strafrecht, Strafverfahrensrecht, Kriminologie
|k Strafrecht
|k Straftaten gegen die Umwelt
|k Gewässer-, Boden- und Luftverunreinigung
|0 (DE-627)1272236927
|0 (DE-625)rvk/136078:
|0 (DE-576)202236927
|
| 936 |
r |
v |
|a PH 3750
|b Allgemeines
|k Rechtswissenschaft
|k Strafrecht, Strafverfahrensrecht, Kriminologie
|k Strafrecht
|k Straftaten gegen die Umwelt
|k Allgemeines
|0 (DE-627)1271947242
|0 (DE-625)rvk/136077:
|0 (DE-576)201947242
|
| 936 |
s |
n |
|a p100
|2 mzub
|
| 936 |
s |
n |
|a a500
|2 mzub
|
| 936 |
s |
n |
|a z210
|2 mzub
|
| 951 |
|
|
|a BO
|
| ELC |
|
|
|b 1
|
| LOK |
|
|
|0 000 xxxxxcx a22 zn 4500
|
| LOK |
|
|
|0 001 3086763043
|
| LOK |
|
|
|0 003 DE-627
|
| LOK |
|
|
|0 004 271845902
|
| LOK |
|
|
|0 005 20151116135031
|
| LOK |
|
|
|0 008 150728||||||||||||||||ger|||||||
|
| LOK |
|
|
|0 040
|a DE-21-110
|c DE-627
|d DE-21-110
|
| LOK |
|
|
|0 689
|a s
|a Umweltstrafrecht
|
| LOK |
|
|
|0 852
|z Kein Bestand am IfK; Nachweis für KrimDok
|
| LOK |
|
|
|0 852
|a DE-21-110
|
| LOK |
|
|
|0 852 1
|9 00
|
| LOK |
|
|
|0 935
|a k110
|
| LOK |
|
|
|0 939
|a 28-07-15
|b l01
|
| ORI |
|
|
|a SA-MARC-krimdoka001.raw
|